Statistics for Smosh 'What Would Blank Do' Winners

Click here to take the quiz!

General Stats

  • This quiz has been taken 7 times
  • The average score is 3 of 9

Answer Stats

QuestionAnswer% Correct
What Would Ian Do?No One
86%
What Would Damien Do?Shayne
86%
What Would Jackie Do?Kimmy
43%
What Would Courtney Do?Kimmy
29%
What Would Shayne Do?Olivia
29%
What Would Kimmy Do?Shane
29%
What Would Olivia Do?Shayne
29%
What Would Noah Do?Courtney
0%
What Would Keith Do?Shayne
0%

Score Distribution

Percentile by Number Answered

Percent of People with Each Score

Your Score History

You have not taken this quiz